Statistics for Taylor Swift Songz

Click here to take the quiz!

General Stats

  • This quiz has been taken 25 times
  • The average score is 98 of 219

Answer Stats

Taylor Swift & Fearless% Correct
Picture To Burn
88%
A Place in this World
75%
Cold As You
75%
Mary's Song (Oh My My My)
75%
Ours
75%
Our Song
75%
Teardrops On My Guitar
75%
That's When
75%
The Outside
75%
Tied Together with a Smile
75%
Tim McGraw
75%
Back To December
63%
Bye Bye Baby
63%
Fearless
63%
Fifteen
63%
Foolish One
63%
I'm Only Me When I'm With You
63%
Invisible
63%
Love Story
63%
ME!
63%
Mean
63%
Mine
63%
Should've Said No
63%
Stay Beautiful
63%
Timeless
63%
White Horse
63%
You Belong With Me
63%
You Need To Calm Down
63%
22
50%
Afterglow
50%
All Of The Girls You Loved Before
50%
All Too Well
50%
All You Had To Do Was Stay
50%
Babe
50%
Bad Blood
50%
Better Than Revenge
50%
Blank Space
50%
Breathe
50%
Call It What You Want
50%
cardigan
50%
Change
50%
Clean
50%
coney island
50%
Cruel Summer
50%
Daylight
50%
Dear John
50%
Delicate
50%
Dont Blame Me
50%
dorothea
50%
Dress
50%
Electric Touch
50%
Enchanted
50%
End Game
50%
evermore
50%
exile
50%
Eyes Open
50%
False God
50%
Getaway Car
50%
Girl At Home
50%
gold rush
50%
Gorgeous
50%
Haunted
50%
Hey Stephen
50%
I Bet You Think About Me
50%
I Can See You
50%
I Did Something Bad
50%
I Forgot That You Existed
50%
I Knew You Were Trouble
50%
I Know Places
50%
Innocent
50%
invisible string
50%
Is It Over Now?
50%
I Think He Knows
50%
It's Nice To Have A Friend
50%
it's time to go
50%
Jump Then Fall
50%
King Of My Heart
50%
London Boy
50%
Long Live
50%
long story short
50%
Look What You Made Me Do
50%
Lover
50%
marjorie
50%
Message In A Bottle
50%
Miss Americana & The
Heartbreak Prince
50%
Mr. Perfectly Fine
50%
Never Grow Up
50%
New Romantics
50%
New Year's Day
50%
no body, no crime
50%
Nothing New
50%
Now That We Don't Talk
50%
Out Of The Woods
50%
Paper Rings
50%
...Ready For it?
50%
Red
50%
Ronan
50%
Safe & Sound
50%
seven
50%
Shake It Off
50%
Slut!
50%
So It Goes...
50%
Soon You'll Get Better
50%
Sparks Fly
50%
Speak Now
50%
State Of Grace
50%
Stay Stay Stay
50%
Style
50%
Suburban Legends
50%
Superman
50%
the 1
50%
The Archer
50%
The Man
50%
The Other Side Of The Door
50%
The Story Of Us
50%
The Very First Night
50%
The Way I Loved You
50%
This Is Why We Can't Have Nice Things
50%
This Love
50%
Treacherous
50%
We Are Never Ever Getting Back Together
50%
Welcome To New York
50%
When Emma Falls In Love
50%
Wildest Dreams
50%
Wonderland
50%
You Are In Love
50%
Anti-Hero
38%
A Perfectly Good Heart
38%
august
38%
Begin Again
38%
Better Man
38%
betty
38%
But Daddy I Love Him
38%
Castles Crumbling
38%
champagne problems
38%
Clara Bow
38%
closure
38%
Come Back... Be Here
38%
Come In With The Rain
38%
Cornelia Street
38%
cowboy like me
38%
Dancing With Our Hands Tied
38%
Death By A Thousand Cuts
38%
Don't You
38%
Everything Has Changed
38%
Florida!!!
38%
Forever & Always
38%
Fortnight
38%
happiness
38%
hoax
38%
How You Get The Girl
38%
I Can Do It With a Broken Heart
38%
illicit affairs
38%
ivy
38%
I Wish You Would
38%
Last Kiss
38%
mirrorball
38%
My Boy Only Breaks His Favorite Toys
38%
my tears ricochet
38%
peace
38%
right where you left me
38%
Run
38%
Sad Beautiful Tragic
38%
Say Don't Go
38%
So Long, London
38%
Starlight
38%
Superstar
38%
Tell Me Why
38%
The Best Day
38%
the lakes
38%
The Last Time
38%
The Lucky One
38%
The Manuscript
38%
The Moment I Knew
38%
The Tortured Poets Department
38%
'tis the damn season
38%
tolerate it
38%
Untouchable
38%
willow
38%
Bejeweled
25%
Bigger Than The Whole Sky
25%
Dear Reader
25%
epiphany
25%
Forever Winter
25%
Fresh Out The Slammer
25%
Glitch
25%
High Infidelity
25%
Hits Different
25%
Holy Ground
25%
I Almost Do
25%
I Can Fix Him (No Really I Can)
25%
Karma
25%
Labyrinth
25%
Lavender Haze
25%
loml
25%
mad woman
25%
Maroon
25%
Midnight Rain
25%
Paris
25%
Question...?
25%
Snow On The Beach
25%
Sweet Nothing
25%
The Alchemy
25%
The Great War
25%
the last great american dynasty
25%
The Smallest Man Who Ever Lived
25%
this is me trying
25%
Today Was A Fairytale
25%
Vigilante Shit
25%
We Were Happy
25%
Who's Afraid of Little Old Me?
25%
Would've, Could've, Should've
25%
You All Over Me
25%
You're Losing Me
25%
You're Not Sorry
25%
You're On Your Own, Kid
25%
Down Bad
13%
Guilty as Sin?
13%
Mastermind
13%

Score Distribution

Percentile by Number Answered

Percent of People with Each Score

Your Score History

You have not taken this quiz